| 000 | 00550nam a2200217Ia 4500 | ||
|---|---|---|---|
| 005 | 20251122105010.0 | ||
| 008 | 230125s9999 xx 000 0 und d | ||
| 020 | _a9789386687869 | ||
| 041 | _aeng | ||
| 082 |
_a158.1 _bTAP |
||
| 100 |
_aTapariya J H _9215499 |
||
| 245 | _aLife Skill Development | ||
| 250 | _a1st Ed. | ||
| 260 |
_c2018 _bRawat Publications _aNew Delhi |
||
| 300 | _a176 | ||
| 500 | _aPersonality Development | ||
| 650 |
_aPersonality Development _9213420 |
||
| 700 |
_aTapariya J H _9215499 |
||
| 906 | _b420 | ||
| 942 | _cBK | ||
| 999 |
_c96272 _d96272 |
||